Loading...

Godan/

Bibliographic Details
Main Author: Premchand
Format: Printed Book
Published: Allahabad: Lokbharathi, 1997.
Subjects:
LEADER 00512nam a22001571a 4500
082 |a H3  |b PRE/G 
100 |a Premchand  |9 102532 
245 |a Godan/  |c by Premchand 
260 |a Allahabad:  |b Lokbharathi,  |c 1997. 
300 |a 208p. 
650 |a Novel Hindi  |9 102533 
650 |a Literature Hindi  |9 102534 
650 |a Literature  |9 102535 
942 |c BK 
999 |c 16213  |d 16213 
952 |0 0  |1 0  |4 0  |6 H_3_000000000000000_PRE_G  |7 0  |9 22901  |a SSUS  |b SSUS  |d 2015-01-08  |g 25.00  |l 2  |o H3 PRE/G  |p 018101  |r 2019-12-02  |s 2019-11-06  |v 0.00  |w 2015-01-08  |y BK